000 00835nam a22002417a 4500
999 _c20603
_d20603
003 AR-CdUCM
008 190531b ||||| |||| 00| 0 spa d
040 _aMUNICIPALIDAD PROVINCIAL DEL CUSCO
_cBIBLIOTECA MUNICIPAL DEL CUSCO
041 _heng
082 _a987.041 /
_bF82
100 _aFrank, Waldo
_920425
245 _aNacimiento de un mundo :
_bBolívar dentro del marco de sus propios pueblos /
260 _aMadrid :
_bAguilar,
_c1956.
300 _a556 páginas ;
_c20 cm.
505 _aContenido: Los reinos -- El corazón -- La educación de un príncipe provinciano...
650 _aBolívar, Simón, 1783-1830
_943062
650 _aOratoria
_91271
650 _aLibertadores
_912898
650 _aBiografía
_922
700 _aLazaro Ros, Amado (traductor)
_943063
942 _2ddc
_cLIBROS
945 _aJavier